书目信息 |
| 题名: |
欧洲联盟法律制度简论
|
|
| 作者: | 隋伟 , 杨明光 著 | |
| 分册: | ||
| 出版信息: | 天津 南开大学出版社 1998.03 |
|
| 页数: | 295页 | |
| 开本: | 32开 | |
| 丛书名: | ||
| 单 册: | ||
| 中图分类: | D99 | |
| 科图分类: | ||
| 主题词: | 国际法 | |
| 电子资源: | ||
| ISBN: | 7-310-01077-9 | |
| 000 | 00594nam0 2200205 45 | |
| 001 | 0009112017 | |
| 005 | 20000911202425.9 | |
| 010 | @a7-310-01077-9@d15.00元 | |
| 100 | @a20000911d1998 km y0chiy0120 ea | |
| 101 | 0 | @achi |
| 105 | @a z 000yy | |
| 200 | 1 | @a欧洲联盟法律制度简论@AOu Zhou Lian Meng Fa Lu Zhi Du Jian Lun@f隋伟,杨明光著@FSui Wei,Yang Ming Guang Zhu |
| 210 | @a天津@c南开大学出版社@d1998.03 | |
| 215 | @a295页@d32开 | |
| 606 | 0 | @a国际法 |
| 690 | @aD99@v3 | |
| 701 | 0 | @a隋伟@4著 |
| 701 | 0 | @a杨明光@4著 |
| 801 | @aCN@bPftUser@c20000911 | |
| 905 | @b136716-720@dD99@eS.125@f5 | |
| 欧洲联盟法律制度简论/隋伟,杨明光著.-天津:南开大学出版社,1998.03 |
| 295页;32开 |
| ISBN 7-310-01077-9:15.00元 |
| ● |
| 相关链接 |
|
|
|
正题名:欧洲联盟法律制度简论
索取号:D99/S.125
 
预约/预借
| 序号 | 登录号 | 条形码 | 馆藏地/架位号 | 状态 | 备注 |
| 1 | 136716 | 201367163 | 社科库509/509社科库 109排1列5层/ [索取号:D99/S.125] | 在馆 | |
| 2 | 136717 | 201367172 | 社科库509/509社科库 109排1列5层/ [索取号:D99/S.125] | 在馆 | |
| 3 | 136718 | 201367181 | 社科库509/509社科库 109排1列5层/ [索取号:D99/S.125] | 在馆 | |
| 4 | 136719 | 201367190 | 社科库509/509社科库 109排1列5层/ [索取号:D99/S.125] | 在馆 | |
| 5 | 136720 | 201367207 | 社科库509/509社科库 109排1列5层/ [索取号:D99/S.125] | 在馆 |